[Event "Drogheda Thomson op"]
[Site "Drogheda"]
[Date "2025.06.02"]
[Round "6"]
[White "Rai, Oleksii"]
[Black "Bolkeny, Gabor"]
[Result "1-0"]
[WhiteElo "1774"]
[BlackElo "1898"]
[PlyCount "85"]
[EventDate "2025.05.31"]
[EventType "swiss"]
[EventRounds "6"]
[EventCountry "IRL"]
[SourceTitle "CB23_2025"]
[SourceDate "2025.06.04"]
[SourceVersion "1"]
[SourceVersionDate "2025.06.04"]
[SourceQuality "1"]

1. e4 Nc6 2. d4 d5 3. e5 Bf5 4. c3 e6 5. Ne2 h6 6. Ng3 Bh7 7. Nd2 Nge7 8. Nb3 Nf5 9. Nxf5 Bxf5 10. Bd3 Ne7 11. g4 Bxd3 12. Qxd3 c6 13. Bd2 Ng6 14. 0-0-0 a5 15. f4 a4 16. Na1 c5 17. f5 c4 18. Qe3 Ne7 19. Rhf1 Nc6 20. fxe6 fxe6 21. Qh3 Kd7 22. Rf7+ Be7 23. Rdf1 Na5 24. Qh5 Re8 25. Nc2 Kc8 26. Qg6 Ra6 27. Qxg7 Nb3+ 28. Kd1 Nxd2 29. Kxd2 Rb6 30. Nb4 Bxb4 31. cxb4 Rxb4 32. Rf8 Rxb2+ 33. Kc1 Rxa2 34. Rxe8 Ra1+ 35. Kb2 Rxf1 36. Qg8 Qxe8 37. Qxe8+ Kc7 38. Qxa4 Rf2+ 39. Kc3 Rf3+ 40. Kd2 Rd3+ 41. Kc2 Rxd4 42. Qb4 Rxg4 43. Qd6+ 1-0